| 000 | 00000nam##2200000za#4500 |
| 001 | 9.638177 |
| 003 | CaOODSP |
| 005 | 20240209132619 |
| 007 | cr ||||||||||| |
| 008 | 150407|2005||||xxc|||||o f|0| 0 fre|d |
| 040 | |aCaOODSP|bfre |
| 043 | |an-cn--- |
| 086 | 1 |aIu89-4/9-2005F-PDF |
| 110 | 2 |aAgence de promotion économique du Canada atlantique. |
| 245 | 10|aVendre dans le monde entier : |h[ressource électronique]|bles femmes entrepreneures du Canada atlantique à la conquête des marchés internationaux! |
| 260 | |aMoncton - Nouveau-Brunswick : |bAgence de promotion économique du Canada atlantique |c[2005]. |
| 300 | |a11p.|bphotographies |
| 500 | |aLe n° de catalogue (IU89-4/9-2005) et l’ISBN (0-662-68965-8) de l'édition imprimée bilingue ont été incorrectement copiés dans cette édition électronique. |
| 590 | |a11-06-Supp|b2011-04-14 |
| 691 | 07|aEntrepreneur|2gcpds |
| 775 | 08|tSell to the world : |w(CaOODSP)9.693994 |
| 856 | 40|ahttp://publications.gc.ca|qPDF|s2 Mo|uhttps://publications.gc.ca/collections/collection_2010/apeca-acoa/Iu89-4-9-2005-fra.pdf |